000 00764nam a2200277 a 4500
001 78377
003 BD-RjUL
005 20211209083125.0
008 141201s1973 ii a|||| b||| 001 0 eng d
020 _a8121908280
035 _a(BD-RjUL)78603
040 _aBD-RjUL
_beng
_cBD-RjUL
041 _aeng
082 _221
_a587
_bVAB 1973
100 _aVasishta, P. C.
_9114471
245 _aBotany (for degree students) /
_cP. C. Vasishta.
250 _a2nd ed.
260 _aNew Delhi :
_b S. Chand & Company Ltd.,
_c1973
300 _a v.:
_bill.;
_c20 cm.
504 _aIncludes bibliographical reference and index.
505 0 1 _aVol .4 --
650 _aPteridophyta.
_9114472
650 _aAlgae
_9247876
650 _aBotany
_9247877
942 _2ddc
_cBK
999 _c78377
_d78377